| 000 | 00566nam a2200193 a 4500 | ||
|---|---|---|---|
| 005 | 20240913064633.0 | ||
| 008 | 100831s2003 es r 000 0 spa d | ||
| 020 | _a8426155073 | ||
| 035 | _aUPN01000177623 | ||
| 049 | _aCG | ||
| 050 | 4 |
_aPG3326 _bH8.5a |
|
| 100 | 1 |
_aDostoyevski, Fëdor Mihajlovic, _d1821-1881 |
|
| 245 | 1 | 0 |
_aHumillados y ofendidos / _cFedor Dostoyewski ; tr. de José Baeza. |
| 260 |
_aBarcelona, Esp. : _bJuventud, _c2003. |
||
| 300 | _a367 p. | ||
| 440 | 0 |
_aLibros de bolsillo Z. _pNovelas |
|
| 650 | 4 |
_aNovela rusa _912701 |
|
| 905 | _aLibro | ||
| 999 |
_c149726 _d149726 |
||